| 000 | 00915nam a22002297a 4500 | ||
|---|---|---|---|
| 003 | 0 | ||
| 005 | 20250218105341.0 | ||
| 008 | 250218b xxu||||| |||| 00| 0 eng d | ||
| 050 |
_aG 155 _b.D66 2023 |
||
| 100 | _aDomingo, Kathleen Joy R. | ||
| 245 |
_aComparative study on travel preferences of Filipinos during pre COVID-19 pandemic and during COVID-19 pandemic _cKathleen Joy R. Domingo and Czarina Mae F. Garchitorena |
||
| 260 |
_aLas Pinas City _bSouthville International School and Colleges _cc2023 |
||
| 300 |
_aix, 159 pages ; _c28cm. |
||
| 500 | _aBachelor of Science in Tourism. | ||
| 504 | _aIncludes bibliographical references and appendices. | ||
| 650 | _aTourism—Philippines. | ||
| 650 | _aTravel behavior—Philippines. | ||
| 650 | _aCOVID-19 Pandemic, 2020—Impact. | ||
| 650 | _aTravel preferences—Philippines. | ||
| 700 | _a Garchitorena, Czarina Mae F. | ||
| 942 |
_2lcc _cTH |
||
| 999 |
_c367244 _d367244 |
||